000 00890nam a2200253 i 4500
999 _c72045
_d72045
001 C2-0261379
003 PPAK
005 20190625145202.0
008 041221s1990 my |||| ||||| | eng d
040 _aPPAK
_beng
_cPPAK
_erda
082 0 4 _a630.9595
_223
090 0 0 _a630.9595
_bMAL
_dKK
110 2 _aMalaysia, Government
245 0 0 _aFeasibility study rationalization and crop diversification in non-granary irrigated areas in Malaysia :
_bdraft final report (August 1990)
264 1 _aJohor :
_bJapan International Cooperation Agency ,
_c1990
300 _a24 pages ;
_c30 cm
336 _2rdacontent
_atext
337 _2rdamedia
_aunmediated
338 _2rdacarrier
_avolume
500 _astate report 13 Johor ; No. 22 (G)
650 1 0 _aAgriculture - Research - Malaysia ; Agriculture and state - Malaysia
710 2 _aMalaysia, Government
_eorganizer
942 _cB
_2ddc